<?xml version="1.0" encoding="UTF-8"?>
<record
    xmlns:xsi="http://www.w3.org/2001/XMLSchema-instance"
    xsi:schemaLocation="http://www.loc.gov/MARC21/slim http://www.loc.gov/standards/marcxml/schema/MARC21slim.xsd"
    xmlns="http://www.loc.gov/MARC21/slim">

  <leader>01530nab a2200217uuc4500</leader>
  <controlfield tag="001">1019441</controlfield>
  <controlfield tag="005">20240510090008.0</controlfield>
  <controlfield tag="008">070305e20050701                    spa  </controlfield>
  <datafield tag="035" ind1=" " ind2=" ">
    <subfield code="a">1019441</subfield>
  </datafield>
  <datafield tag="035" ind1=" " ind2=" ">
    <subfield code="a">(OCoLC)820151194</subfield>
  </datafield>
  <datafield tag="040" ind1=" " ind2=" ">
    <subfield code="c">comduadb</subfield>
  </datafield>
  <datafield tag="041" ind1=" " ind2=" ">
    <subfield code="a">spa</subfield>
  </datafield>
  <datafield tag="100" ind1="1" ind2="0">
    <subfield code="a">Mendieta C., Claudia R.</subfield>
    <subfield code="4">aut</subfield>
    <subfield code="e">aut</subfield>
    <subfield code="9">432039</subfield>
  </datafield>
  <datafield tag="245" ind1="1" ind2="3">
    <subfield code="a">La toma de decisiones en el sector p&#xFA;blico : una mirada desde el dirigente</subfield>
  </datafield>
  <datafield tag="520" ind1="3" ind2=" ">
    <subfield code="a">RESUMEN : Este art&#xED;culo surge de la investigaci&#xF3;n sobre el impacto de la aplicaci&#xF3;n de herramientas gerenciales dentro de la administraci&#xF3;n p&#xFA;blica, en la cual se confrontan elementos te&#xF3;rico  conceptuales, analizados durante la &#xFA;ltima parte de los estudios de maestr&#xED;a en pol&#xED;ticas p&#xFA;blicas y gesti&#xF3;n de la Universidad del Valle, contrastados con aspectos de formaci&#xF3;n, creencias y aversi&#xF3;n al riesgo de varios dirigentes vallecaucanos. Para lograrlo se recurri&#xF3; a entrevistas con directivos gubernamentales y servidores p&#xFA;blicos de trece municipios del Valle del Cauca, en los que se pudo concluir que pese a existir una creciente ola de tecnocracia en la gesti&#xF3;n p&#xFA;blica colombiana, &#xE9;sta a&#xFA;n no se arraiga lo suficiente en los procesos de toma de decisiones de la regi&#xF3;n. </subfield>
  </datafield>
  <datafield tag="650" ind1=" " ind2="7">
    <subfield code="a">Toma de decisiones</subfield>
    <subfield code="2">lemb</subfield>
    <subfield code="9">175188</subfield>
  </datafield>
  <datafield tag="650" ind1=" " ind2=" ">
    <subfield code="a">Perfil psicol&#xF3;gico</subfield>
    <subfield code="9">38024</subfield>
  </datafield>
  <datafield tag="650" ind1=" " ind2=" ">
    <subfield code="a">Ejecutivos del Estado</subfield>
    <subfield code="9">159741</subfield>
  </datafield>
  <datafield tag="773" ind1="0" ind2=" ">
    <subfield code="t">Guillermo de Ockham : Revista Cient&#xED;fica (Cali)</subfield>
    <subfield code="g">Volumen 03, N&#xFA;mero 02, Julio-Diciembre 2005, p. 31-48</subfield>
    <subfield code="w">896931</subfield>
    <subfield code="z">1794192X</subfield>
    <subfield code="0">324544</subfield>
  </datafield>
  <datafield tag="942" ind1=" " ind2=" ">
    <subfield code="c">ARIMP</subfield>
  </datafield>
  <datafield tag="999" ind1=" " ind2=" ">
    <subfield code="c">419728</subfield>
    <subfield code="d">419728</subfield>
  </datafield>
</record>
